Independents stand strong in beleaguered shopping sector (Record no. 83226)

MARC details
000 -LEADER
fixed length control field 01074cab a22001935a 4500
001 - CONTROL NUMBER
control field L153195
008 - FIXED-LENGTH DATA ELEMENTS--GENERAL INFORMATION
fixed length control field 110622e2011 xxk 000 0 eng d
035 ## - SYSTEM CONTROL NUMBER
System control number (Sirsi) u153195
041 0# - LANGUAGE CODE
Language code of text/sound track or separate title eng
100 1# - MAIN ENTRY--PERSONAL NAME
Personal name Hopkinson, Matthew
245 00 - TITLE STATEMENT
Title Independents stand strong in beleaguered shopping sector
260 ## - PUBLICATION, DISTRIBUTION, ETC.
Date of publication, distribution, etc. 2011
490 #0 - SERIES STATEMENT
Series statement Property Week
Volume/sequential designation 77(24) 17 June 2011, 36(1)
520 ## - SUMMARY, ETC.
Summary, etc. Independents seem to have weathered the recession in the retail market better than the multiples, many of which have left the high street for shopping centres or retail parks, downsized or failed. Independents have reinvented themselves more effectively than multiples and independents' closure rates have significantly reduced in the last two years with 2011 starting well for them. More than 65% of the half million retail premises tracked by the Local Data Company are independents which take up 35% of the total floorspace in smaller units.
590 ## - LOCAL NOTE (RLIN)
Local note KA
651 #4 - SUBJECT ADDED ENTRY--GEOGRAPHIC NAME
Geographic name United Kingdom
Chronological subdivision
690 ## - LOCAL SUBJECT ADDED ENTRY--TOPICAL TERM (OCLC, RLIN)
Topical term or geographic name as entry element PROPERTY-COMMERCIAL PROPERTY-COMMERCIAL PROPERTY MARKET
942 ## - ADDED ENTRY ELEMENTS (KOHA)
Suppress in OPAC 0
Holdings
Withdrawn status Lost status Source of classification or shelving scheme Damaged status Not for loan Home library Current library Shelving location Date acquired Total Checkouts Full call number Barcode Date last seen Copy number Price effective from Koha item type
    Dewey Decimal Classification     London London Journal article 22/06/2011   L153195 153195-1001 06/08/2019 1 06/08/2019 Journal article